Miguel Bakunin, la Internacional y la Alianza en España (1868-1873) / (Record no. 105635)

MARC details
000 -LEADER
campo de control de longitud fija 01015nam a2200277 i 4500
001 - NÚMERO DE CONTROL
campo de control 105635
003 - IDENTIFICADOR DE NÚMERO DE CONTROL
campo de control ES-MaACL
005 - FECHA Y HORA DE LA ÚLTIMA TRANSACCIÓN
campo de control 20250605113909.0
007 - CAMPO FIJO DE DESCRIPCIÓN FÍSICA--INFORMACIÓN GENERAL
campo de control de longitud fija t|
008 - DATOS DE LONGITUD FIJA--INFORMACIÓN GENERAL
campo de control de longitud fija 060801s1925 ag ||||1| spa d
080 ## - NÚMERO DE LA CLASIFICACIÓN DECIMAL UNIVERSAL
Número de la Clasificación Decimal Universal 32 Bakunin, Mijail Aleksandrovich
080 ## - NÚMERO DE LA CLASIFICACIÓN DECIMAL UNIVERSAL
Número de la Clasificación Decimal Universal 327.323.1(460)(091)
100 1# - ENTRADA PRINCIPAL--NOMBRE DE PERSONA
Nombre de persona Nettlau, Max.
9 (RLIN) 85422
245 10 - MENCIÓN DEL TÍTULO
Título Miguel Bakunin, la Internacional y la Alianza en España (1868-1873) /
Mención de responsabilidad, etc. [M. Nettlau ; prefacio de Enrique Nido].
260 ## - PUBLICACIÓN, DISTRIBUCIÓN, ETC.
Lugar de publicación, distribución, etc. Buenos Aires :
Nombre del editor, distribuidor, etc. La Protesta,
Fecha de publicación, distribución, etc. [1925]
300 ## - DESCRIPCIÓN FÍSICA
Extensión 132 p. :
Otras características físicas il. ;
Dimensiones 20 cm.
490 1# - MENCIÓN DE SERIE
Mención de serie Biblioteca de La Protesta ;
Designación de volumen o secuencia 1
500 ## - NOTA GENERAL
Nota general Biblioteca Juan Andrade.
600 14 - PUNTO DE ACCESO ADICIONAL DE MATERIA--NOMBRE DE PERSONA
Nombre de persona Bakunin, Mijail Aleksandrovich,
Fechas asociadas al nombre 1814-1876
9 (RLIN) 240797
610 2# - PUNTO DE ACCESO ADICIONAL DE MATERIA--NOMBRE DE ENTIDAD CORPORATIVA
Nombre de entidad corporativa o nombre de jurisdicción como elemento de entrada Asociación Internacional de los Trabajadores (1864-1876)
9 (RLIN) 171768
610 27 - PUNTO DE ACCESO ADICIONAL DE MATERIA--NOMBRE DE ENTIDAD CORPORATIVA
Nombre de entidad corporativa o nombre de jurisdicción como elemento de entrada Alianza de la Democracia Socialista.
9 (RLIN) 1334
700 1# - ENTRADA AGREGADA--NOMBRE PERSONAL
Nombre de persona Nido, Enrique.
9 (RLIN) 85615
830 0# - PUNTO DE ACCESO ADICIONAL DE SERIE-TÍTULO UNIFORME
Título uniforme Biblioteca de La Protesta ;
Designación de volumen o secuencia 1
9 (RLIN) 232755
852 ## - LOCALIZACIÓN
Ubicación ES-MaACL
Número de control de estantería AND-447
Sublocalización o colección R.109751
Holdings
Estatus retirado Estado de pérdida Estado de daño No para préstamo Biblioteca de origen Biblioteca actual Ubicación en estantería Fecha de adquisición Fuente de adquisición Total de préstamos Signatura topográfica completa Código de barras Visto por última vez Precio de reemplazo Tipo de ítem Koha
        Biblioteca del Ateneo de Madrid Biblioteca del Ateneo de Madrid Depósito 2 17/01/2008     AND-447 1110286 23/02/2023 23/02/2023 Libro impreso